The western humanities
Αποθηκεύτηκε σε:
| Άλλοι συγγραφείς: | , |
|---|---|
| Μορφή: | Βιβλίο |
| Γλώσσα: | English |
| Δημοσίευση: |
New York :
Holt, Rinehart and Winston,
1971
|
| Θέματα: | |
| Ετικέτες: |
Προσθήκη ετικέτας
Δεν υπάρχουν, Καταχωρήστε ετικέτα πρώτοι!
|
MARC
| LEADER | 00000cam a2200000 i 4500 | ||
|---|---|---|---|
| 001 | 1/6935 | ||
| 008 | 000618s1971 eng d | ||
| 020 | |a 0-03-084075-9 (v.2) | ||
| 035 | |l 10062107 | ||
| 040 | |a GR-MY-UA |b gre |e aacr | ||
| 041 | 0 | |a eng | |
| 082 | 0 | |a 808.8 | |
| 245 | 1 | 4 | |a The western humanities / |c edited by James A. Gould [and] H. C. Kiefer |
| 260 | |a New York : |b Holt, Rinehart and Winston, |c 1971 | ||
| 300 | |a 2 v. |b ill. | ||
| 505 | 0 | |a v. 1. From the ancient world to the Renaissance - v. 2. From the Enlightenment to the contemporary world | |
| 650 | 0 | 0 | |a College readers. |
| 650 | 0 | 0 | |a Humanities |x Problems, exercises, etc. |
| 650 | 0 | 0 | |a Readers |x Humanities. |
| 700 | 1 | |a Gould, James A., |d 1922- |e edt | |
| 700 | 1 | |a Kiefer, Harry Christian |d 1923- |4 edt | |
| 740 | 0 | 2 | |a From the Enlightenment to the contemporary world |
| 852 | |a INST |b LESVOS |e 20000618 |h 808.8 WES |p 005100023424 |q 005100023424 |t BK |y 0 | ||
| 901 | |a BIBL1-2000-2 | ||
| 909 | |a Λ |b 077007 | ||
| 970 | |z 2000/06/ΜΠΡΑΤΤΗΣ | ||